[Event "Chigorin Memorial 30th"]
[Site "St Petersburg"]
[Date "2023.10.29"]
[Round "9"]
[White "Batyrev, Kirill"]
[Black "Khulapov, Vyacheslav"]
[Result "1/2-1/2"]
[WhiteElo "1627"]
[BlackElo "2041"]
[PlyCount "111"]
[EventDate "2023.10.21"]
[EventType "swiss"]
[EventRounds "9"]
[EventCountry "RUS"]
[SourceTitle "Mega2024 Update 01"]
[Source "Chessbase"]
[SourceDate "2023.11.12"]
[SourceVersion "1"]
[SourceVersionDate "2023.11.12"]
[SourceQuality "1"]

1. e4 d5 2. exd5 Nf6 3. Nf3 Nxd5 4. d4 g6 5. c4 Nb6 6. Nc3 Bg7 7. Be2 0-0 8. h3 Nc6 9. Be3 e5 10. d5 Ne7 11. g4 f5 12. Qb3 fxg4 13. hxg4 Bxg4 14. Ng5 Bxe2 15. Nxe2 Qc8 16. 0-0-0 Qg4 17. c5 Qc4+ 18. Nc3 Qxb3 19. axb3 Nd7 20. Ne6 Rfc8 21. Nb5 Nf5 22. c6 bxc6 23. dxc6 Nf6 24. Bxa7 Nd6 25. Nexc7 Nxb5 26. Nxb5 Rxc6+ 27. Kb1 Ra6 28. Bc5 Rb8 29. Nc3 Rxb3 30. Rd8+ Kf7 31. Kc2 Rb7 32. b4 Rc6 33. Kd3 h5 34. Kc4 Ke6 35. Rg1 Kf5 36. Nd5 Ne4 37. Ne3+ Kf4 38. Kd5 Rxc5+ 39. bxc5 Rb5 40. Ng2+ Kf3 41. Nh4+ Kxf2 42. Rxg6 Bf6 43. Rf8 Ke3 44. Ng2+ Kd3 45. Rc8 Be7 46. Kxe5 Rxc5+ 47. Rxc5 Bxc5 48. Nf4+ Ke3 49. Nxh5 Bd4+ 50. Kd5 Nc3+ 51. Kc4 Be5 52. Ng3 Kf3 53. Nf5 Kf4 54. Ne7 Ne4 55. Kd5 Nc3+ 56. Ke6 1/2-1/2

[Event "Chigorin Memorial 30th"]
[Site "St Petersburg"]
[Date "2023.10.28"]
[Round "8"]
[White "Khodko, Yurii N"]
[Black "Batyrev, Kirill"]
[Result "1/2-1/2"]
[WhiteElo "2047"]
[BlackElo "1627"]
[PlyCount "162"]
[EventDate "2023.10.21"]
[EventType "swiss"]
[EventRounds "9"]
[EventCountry "RUS"]
[SourceTitle "Mega2024 Update 01"]
[Source "Chessbase"]
[SourceDate "2023.11.12"]
[SourceVersion "1"]
[SourceVersionDate "2023.11.12"]
[SourceQuality "1"]

1. e4 e5 2. Nf3 Nc6 3. d4 exd4 4. c3 dxc3 5. Nxc3 Nf6 6. e5 Ng4 7. Bf4 Bc5 8. Bg3 0-0 9. Qd5 d6 10. exd6 cxd6 11. Be2 Be6 12. Qd2 d5 13. 0-0 Bd6 14. Bxd6 Qxd6 15. Nb5 Qe7 16. Rac1 Rac8 17. Nfd4 a6 18. Nc3 Qd6 19. f4 Bd7 20. Nxc6 bxc6 21. Ne4 Qe7 22. Nc5 Ne3 23. Rf3 Nc4 24. Bxc4 Qxc5+ 25. Kh1 Qb6 26. Rb3 Qa7 27. Be2 Rb8 28. Ra3 Qb6 29. Rb3 Qf2 30. Rf1 Qa7 31. Ra3 Rb6 32. Qd4 Qb7 33. Rg3 f6 34. b3 Bf5 35. Re1 Rb4 36. Bxa6 Qb6 37. Qxb6 Rxb6 38. Bd3 Bxd3 39. Rxd3 Kf7 40. Rde3 Rb7 41. Rc1 Ra8 42. Re2 Ra6 43. g3 Rba7 44. Rcc2 Re7 45. Kg2 Re6 46. Kf3 Ke7 47. Rxe6+ Kxe6 48. Ke3 Kd6 49. Kd4 Ra7 50. Re2 c5+ 51. Kc3 Ra3 52. f5 Kd7 53. g4 Kd8 54. Rd2 Kc7 55. Kb2 Ra8 56. Rxd5 Kc6 57. Rd3 Re8 58. h3 Re2+ 59. Ka3 h5 60. gxh5 Rf2 61. Rg3 Rxf5 62. h6 gxh6 63. Rg6 h5 64. Ka4 Kb6 65. a3 Rf4+ 66. b4 cxb4 67. axb4 h4 68. Rh6 Ka6 69. Rh8 Kb6 70. Rb8+ Kc7 71. Rb5 Rf3 72. Rh5 Rxh3 73. Rf5 Rg3 74. Rxf6 Rg5 75. Rh6 Kb7 76. Rxh4 Kb6 77. b5 Rg6 78. Rc4 Re6 79. Kb4 Rh6 80. Rc6+ Rxc6 81. bxc6 Kxc6 1/2-1/2